00622cam a22002051a 4500001001300000003000400013005001700017008004100034010001700075035001900092040001800111042001200129050002300141086002300164245004200187260004900229300003400278651004600312710005800358agr43000001 DLC20260227111001.0810903s1942 dcuab f000 0 eng  aagr43000001  a(OCoLC)7726506 aDLCcCoGdDLC apremarc00aSD428.C65bA5 19420 aA 13.13:C 81/4/94200aCoronado National Forest, Arizona ... aWashington :bU.S. Govt. Print. Off.,c1942. a 20 p. :bill., map ;c23 cm. 0aCoronado National Forest (Ariz. and N.M.)1 aUnited States.bForest Service.bSouthwestern Region.